Vplyv exogénnych premenných na efektívnosť v modeloch SFA

Možné prístupy zachytenia vplyvov exogénnych premenných na efektívnosť v modeloch SFA. Analýza výhod a nevýhod týchto prístupov. Aplikácia vybraných metód na panelový model stochastickej produkčnej hranice s časovo premenlivou technickou efektívnosťou. Odhad miery technickej efektívnosti vybraných t...

Descrizione completa

Salvato in:
Dettagli Bibliografici
Autore principale: Furková, Andrea, 1975-
Natura: Capitolo di libro
Lingua:slovacco
Soggetti:
Tags: Aggiungi Tag
Nessun Tag, puoi essere il primo ad aggiungerne!!

MARC

LEADER 00000nla$a2200000$$$4500
001 0124887
005 20240502072422.0
041 0 |a slo 
044 |a SK 
245 1 0 |a Vplyv exogénnych premenných na efektívnosť v modeloch SFA  |c Andrea Furková 
520 |a Možné prístupy zachytenia vplyvov exogénnych premenných na efektívnosť v modeloch SFA. Analýza výhod a nevýhod týchto prístupov. Aplikácia vybraných metód na panelový model stochastickej produkčnej hranice s časovo premenlivou technickou efektívnosťou. Odhad miery technickej efektívnosti vybraných transformujúcich sa krajín a pokus o identifikáciu možných zdrojov technickej neefektívnosti krajín. 
610 2 0 |a modelovanie 
610 2 0 |a modely 
610 2 0 |a efektívnosť 
610 2 0 |a výroba 
610 2 0 |a krajiny tranzitívne 
610 2 0 |a analýzy 
610 2 0 |a transformácia 
100 1 |a Furková, Andrea, 1975-